Central Library OPAC University of Rajshahi

The linear hypothesis : (Record no. 8412)

MARC details
000 -LEADER
fixed length control field 00961cam a22002892 4500
001 - CONTROL NUMBER
control field 8412
003 - CONTROL NUMBER IDENTIFIER
rucl marc code BD-RjUL
005 - DATE AND TIME OF LATEST TRANSACTION
control field 20211208234602.0
008 - FIXED-LENGTH DATA ELEMENTS--GENERAL INFORMATION
fixed length control field 140118s1966 enka b 000 0 eng c
035 ## - SYSTEM CONTROL NUMBER
System control number (BD-RjUL)8457
-- OCLC ocm10826157 from D971023M
040 ## - CATALOGING SOURCE
Original cataloging agency DLC/ICU
Transcribing agency CGU
Modifying agency OCL
-- RRR
-- UKM
-- BD-RjUL
Language of cataloging eng
041 ## - LANGUAGE CODE
Language code of text/sound track or separate title eng
082 0# - DEWEY DECIMAL CLASSIFICATION NUMBER
Classification number 519
Author mark and year SEL 1966
100 1# - MAIN ENTRY--PERSONAL NAME
Personal name Seber, G. A. F.
Fuller form of name (George Arthur Frederick),
Dates associated with a name 1938-
9 (RLIN) 5630
245 14 - TITLE STATEMENT
Title The linear hypothesis :
Remainder of title a general theory /
Statement of responsibility, etc. by G.A.F. Seber.
260 ## - PUBLICATION, DISTRIBUTION, ETC. (IMPRINT)
Place of publication, distribution, etc. London :
Name of publisher, distributor, etc. Griffin,
Date of publication, distribution, etc. 1966.
300 ## - PHYSICAL DESCRIPTION
Pagination viii, 115 p. ;
Illustrations tables.
Size 22 cm.
490 1# - SERIES STATEMENT
Series statement Griffin's statistical monographs & courses,
Volume/sequential designation no. 19
504 ## - BIBLIOGRAPHY, ETC. NOTE
Bibliography, etc Includes index.
Bibliography, etc Bibliography: p. 104-111.
650 #0 - SUBJECT ADDED ENTRY--TOPICAL TERM
Topical term or geographic name as entry element Statistical hypothesis testing.
9 (RLIN) 26185
830 #0 - SERIES ADDED ENTRY--UNIFORM TITLE
Volume number/sequential designation no. 19.
Uniform title Griffin's statistical monographs & courses ;
942 ## - ADDED ENTRY ELEMENTS (KOHA)
Source of classification or shelving scheme Dewey Decimal Classification
Koha item type Books
Holdings
Lost status Source of classification or shelving scheme Damaged status Not for loan Collection code Permanent Location Current Location Shelving location Date acquired Source of acquisition Cost, normal purchase price Total Checkouts Full call number Date last seen Copy number Koha item type
  Dewey Decimal Classification     Non-fiction Central Library, University of Rajshahi Central Library, University of Rajshahi   29/03/1982 Heffers. 250.00   519 SEL 1966 18/01/2014 C-6 Books
  Dewey Decimal Classification     Non-fiction Central Library, University of Rajshahi Central Library, University of Rajshahi   29/06/1982 Bangladesh book house 250.00   519 SEL 1966 31/08/2016 C-2 Books
  Dewey Decimal Classification     Non-fiction Central Library, University of Rajshahi Central Library, University of Rajshahi   29/06/1982 Bangladesh book house 250.00   519 SEL 1966 31/08/2016 C-3 Books
  Dewey Decimal Classification     Non-fiction Central Library, University of Rajshahi Central Library, University of Rajshahi   02/07/1970 Book View, 25.00   519 SEL 1966 31/08/2016 C-4 Books
  Dewey Decimal Classification     Non-fiction Central Library, University of Rajshahi Central Library, University of Rajshahi   02/07/1970 Book View, 25.00   519 SEL 1966 31/08/2016 C-5 Books
  Dewey Decimal Classification     Non-fiction Central Library, University of Rajshahi Central Library, University of Rajshahi   02/07/1970 Book View, 25.00   519 SEL 1966 31/08/2016 C-7 Books
  Dewey Decimal Classification     Non-fiction Central Library, University of Rajshahi Central Library, University of Rajshahi   02/07/1970 Book View, 25.00   519 SEL 1966 31/08/2016 C-8 Books